भारतीय शिक्षा पद्धति संरचना और समस्याएँ = Indian education system, structure and problems / (Record no. 479727)
[ view plain ]
| 000 -LEADER | |
|---|---|
| fixed length control field | 01420nam a2200361 a 4500 |
| 001 - CONTROL NUMBER | |
| control field | vtls001168895 |
| 003 - CONTROL NUMBER IDENTIFIER | |
| control field | NLI |
| 005 - DATE AND TIME OF LATEST TRANSACTION | |
| control field | 20210603154658.0 |
| 008 - FIXED-LENGTH DATA ELEMENTS--GENERAL INFORMATION | |
| fixed length control field | 120327s1991 ii a 000 0 hin |
| 020 ## - INTERNATIONAL STANDARD BOOK NUMBER | |
| Terms of availability | Rs.80.00 |
| 039 #9 - LEVEL OF BIBLIOGRAPHIC CONTROL AND CODING DETAIL [OBSOLETE] | |
| -- | 201203271822 |
| -- | VLOAD |
| 040 ## - CATALOGING SOURCE | |
| Original cataloging agency | NLI |
| Language of cataloging | hineng |
| Transcribing agency | Datasoft_Hindi |
| Description conventions | AACR2 |
| 041 0# - LANGUAGE CODE | |
| Language code of text/sound track or separate title | hin |
| 044 ## - COUNTRY OF PUBLISHING/PRODUCING ENTITY CODE | |
| MARC country code | ii |
| 082 04 - DEWEY DECIMAL CLASSIFICATION NUMBER | |
| Classification number | 370.10954 |
| 100 1# - MAIN ENTRY--PERSONAL NAME | |
| Linkage | 880-01 |
| Personal name | अग्रवाल¸ जे. सी. |
| 245 10 - TITLE STATEMENT | |
| Linkage | 880-02 |
| Title | भारतीय शिक्षा पद्धति संरचना और समस्याएँ = Indian education system, structure and problems / |
| Statement of responsibility, etc. | जे. सी. अग्रवाल |
| 246 0# - VARYING FORM OF TITLE | |
| Title proper/short title | Indian education system structure and problems |
| 260 ## - PUBLICATION, DISTRIBUTION, ETC. | |
| Place of publication, distribution, etc. | दिल्ली : |
| Name of publisher, distributor, etc. | आर्य बुक डिपो, |
| Date of publication, distribution, etc. | 1991 |
| 300 ## - PHYSICAL DESCRIPTION | |
| Extent | 298 p. : |
| Other physical details | ill., tables ; |
| Dimensions | 22 cm. |
| 650 #0 - SUBJECT ADDED ENTRY--TOPICAL TERM | |
| Topical term or geographic name entry element | Education |
| 9 (RLIN) | 2701 |
| 650 #0 - SUBJECT ADDED ENTRY--TOPICAL TERM | |
| Topical term or geographic name entry element | Educational planning |
| General subdivision | Statistical methods |
| 650 #0 - SUBJECT ADDED ENTRY--TOPICAL TERM | |
| Topical term or geographic name entry element | Religious education |
| 9 (RLIN) | 1059 |
| 650 #0 - SUBJECT ADDED ENTRY--TOPICAL TERM | |
| Topical term or geographic name entry element | Adult education |
| 9 (RLIN) | 1641 |
| 650 #0 - SUBJECT ADDED ENTRY--TOPICAL TERM | |
| Topical term or geographic name entry element | Education, Primary |
| 9 (RLIN) | 202623 |
| 880 1# - ALTERNATE GRAPHIC REPRESENTATION | |
| Linkage | 245-02(B |
| a | Bhāratīya śikṣā paddhati saṅracana aur samasyāeṁ = India education system, structure and problems / |
| c | J.C. Agravāl |
| 880 1# - ALTERNATE GRAPHIC REPRESENTATION | |
| Linkage | 100-01(B |
| a | Agravāl, J.C |
| 887 ## - NON-MARC INFORMATION FIELD | |
| Content of non-MARC field | |
| 901 ## - LOCAL DATA ELEMENT A, LDA (RLIN) | |
| a | 65248 |
| b | 14.10.93 |
| 902 ## - LOCAL DATA ELEMENT B, LDB (RLIN) | |
| a | H 370.10954 A 7462 |
| 942 ## - ADDED ENTRY ELEMENTS (KOHA) | |
| Source of classification or shelving scheme | Dewey Decimal Classification |
| Koha item type | Books |
| 949 ## - LOCAL PROCESSING INFORMATION (OCLC) | |
| -- | VIRTUAITEM |
| -- | 10000 |
| -- | 100 |
| 6 | HIN000065248HIN |
| Withdrawn status | Lost status | Damaged status | Not for loan | Collection code | Home library | Current library | Shelving location | Date acquired | Total Checkouts | Full call number | Barcode | Date last seen | Price effective from | Koha item type |
|---|---|---|---|---|---|---|---|---|---|---|---|---|---|---|
| Hindi | National Library of India | National Library of India | Hindi - Book - Main Stack Division | H 370.10954 A 7462 | HIN000065248HIN | 03/06/2021 | 03/06/2021 | Books |
